书目信息 |
| 题名: |
无废城市
|
|
| 作者: | 温宗国 著 | |
| 分册: | ||
| 出版信息: | 北京 科学出版社 2020.08 |
|
| 页数: | 272页 | |
| 开本: | 24cm | |
| 丛书名: | ||
| 单 册: | ||
| 中图分类: | X799.305 | |
| 科图分类: | ||
| 主题词: | 城市--cheng shi--固体废物处理--研究 | |
| 电子资源: | ||
| ISBN: | 978-7-03-065753-4 | |
| 000 | 00916nam0 2200229 450 | |
| 001 | 2048400752 | |
| 005 | 20201106132649.19 | |
| 010 | @a978-7-03-065753-4@dCNY118.00 | |
| 100 | @a20200903d2020 em y0chiy50 ea | |
| 101 | 0 | @achi |
| 102 | @aCN@b110000 | |
| 105 | @aa a 000yy | |
| 200 | 1 | @a无废城市@Awu fei cheng shi@e理论、规划与实践@f温宗国等著 |
| 210 | @a北京@c科学出版社@d2020.08 | |
| 215 | @a272页@c图@d24cm | |
| 320 | @a有书目 (第267-272页) | |
| 330 | @a本书梳理了国内外城市资源代谢及“无废城市”建设国际研究进展, 评估了我国各类城市资源循环利用的潜力, 分析了城市生活垃圾分类回收机制及典型案例, 系统提出了典型固体废物处理处置及资源化利用技术模式和成功实践, 并为当前我国“无废城市”试点建设面临的挑战给出了相关管理建议。 | |
| 606 | 0 | @a城市@Acheng shi@x固体废物处理@x研究 |
| 690 | @aX799.305@v5 | |
| 701 | 0 | @a温宗国@Awen zong guo@4著 |
| 801 | 0 | @aCN@b人天书店@c20201025 |
| 905 | @aZUCC@dX799.305@eW625 | |
| 无废城市:理论、规划与实践/温宗国等著.-北京:科学出版社,2020.08 |
| 272页:图;24cm |
| ISBN 978-7-03-065753-4:CNY118.00 |
| 本书梳理了国内外城市资源代谢及“无废城市”建设国际研究进展, 评估了我国各类城市资源循环利用的潜力, 分析了城市生活垃圾分类回收机制及典型案例, 系统提出了典型固体废物处理处置及资源化利用技术模式和成功实践, 并为当前我国“无废城市”试点建设面临的挑战给出了相关管理建议。 |
| ● |
| 相关链接 |
|
|
|
正题名:无废城市
索取号:X799.305/W625
 
预约/预借
| 序号 | 登录号 | 条形码 | 馆藏地/架位号 | 状态 | 备注 |
| 1 | 1482363 | 214823636 | 自科库501/501自科库 111排2列6层/ [索取号:X799.305/W625] | 在馆 |